US Languages with more than 10,000 speakers - Statistics

General Stats
  • This quiz has been taken 428 times
    381 since last reset
  • The average score is 68 of 117
Answer Stats
Speakers Language % Correct
310 million English
100%
40.5 million Spanish
100%
1.2 million French
99%
1.2 million Arabic
96%
910,000 German
96%
910,000 Russian
96%
810,000 Hindi
95%
136,000 Dutch
94%
580,000 Italian
94%
460,000 Japanese
94%
2.2 million Mandarin
94%
1.5 million Vietnamese
94%
540,000 Polish
93%
57,000 Swedish
93%
1.1 million Korean
92%
26,000 Finnish
91%
380,000 Turkish
91%
290,000 Greek
90%
770,000 Portuguese
90%
240,000 Serbo-Croatian
90%
90,000 Malay
89%
55,000 Phu Thai
89%
13,000 Tai Dón
89%
181,000 Thai
89%
458,000 Cantonese
88%
44,000 Norwegian
88%
278,000 Romani
88%
32,000 Danish
87%
145,000 Romanian
87%
22,000 Irish
86%
440,000 Persian
86%
1.7 million Tagalog
86%
42,000 Slovak
85%
320,000 Bengali
83%
78,000 Czech
83%
138,000 Ukrainian
83%
230,000 Hebrew
82%
101,000 Hungarian
82%
84,000 Isan
82%
207,000 Lao
82%
294,000 Bulgarian
80%
16,000 Latvian
80%
39,000 Lithuanian
80%
220,000 Hmong
79%
470,000 Urdu
79%
240,000 Armenian
77%
860,000 Haitian Creole
76%
270,000 Tamil
76%
97,000 Burmese
75%
120,000 Albanian
74%
290,000 Punjabi
73%
60,000 Swahili
72%
53,000 Icelandic
71%
200,000 Khmer
71%
170,000 Navajo
71%
56,000 Nepali
71%
23,000 Afrikaans
69%
51,000 Pashto
68%
82,000 Somali
68%
148,000 Yiddish
65%
195,000 Amharic
64%
50,000 Uzbek
63%
410,000 Gujarati
62%
10,000 Mongolian
61%
193,000 Yoruba
61%
223,000 Igbo
60%
23,000 Macedonian
60%
22,000 Cherokee
59%
60,000 Kurdish
56%
370,000 Telugu
56%
74,000 Marathi
54%
50,000 Tajik
51%
52,000 Maltese
50%
41,000 Sinhala
50%
600,000 Hawaiian Pidgin
49%
49,000 Kannada
49%
27,000 Hawaiian
48%
89,000 Min Nan
48%
146,000 Malayalam
45%
167,000 Samoan
45%
22,000 Jamaican Patois
41%
50,000 Oromo
39%
16,000 Cebuano
35%
26,000 Fijian
35%
20,000 Hakka
35%
14,000 Apache
34%
45,000 Tongan
32%
31,000 Fula
29%
65,000 Wolof
29%
25,000 Maya
28%
68,000 Assyrian
27%
20,000 Tigrinya
26%
13,000 Bavarian
25%
10,000 Choctaw
24%
350,000 Pennsylvania Dutch
24%
200,000 Cajun
23%
21,000 Marshallese
22%
81,000 Ilocano
19%
44,000 Xiang
19%
19,000 Antillean Creole
18%
10,000 Yupik
18%
76,000 Akan
15%
58,000 Chamorro
13%
15,000 Plautdietsch
12%
150,000 Min Dong
11%
130,000 Corsican
9%
107,000 Guyanese Creole
9%
53,000 Kriol
8%
91,000 Kabuverdianu
7%
76,000 Virgin Islands Creole
5%
71,000 Garifuna
4%
11,000 Keres
4%
80,000 Chaldean
2%
19,000 Iu Mien
1%
24,000 Aklan
0%
17,000 Maninka
0%
45,000 Purépecha
0%
No matching quizzes found
Score Distribution
Percent of People with Each Score
Percentile by Number Answered
Your Score History
You have not taken this quiz since the last reset